000
00284nam a2200109Ia 4500
008
190914s9999||||xx |||||||||||||| ||und||
100
_a
Munir ,Arshad
245
0
_a
International Bhurban Conference on Applied Science
260
_a
USA
_b
McGraw Hill
_c
952
300
_a
1998
942
_c
BK
999
_c
8426
_d
8426